| 000 | 00454nam a22001817a 4500 | ||
|---|---|---|---|
| 999 |
_c52878 _d52878 |
||
| 005 | 20210325201503.0 | ||
| 008 | s2007 fre d | ||
| 040 | _aNALT | ||
| 041 | _afre | ||
| 090 |
_aKD 241 _bS42L 2007 |
||
| 245 | 0 | 0 | _aL' Assemblee nationale legislative du Royaume de Thailande. |
| 260 | 4 |
_aBangkok _c2007 |
|
| 300 |
_a39 p. ; _c21 cm |
||
| 610 | _aSecretariat du Senat | ||
| 850 | _aNALT | ||
| 942 |
_cLB _2local |
||